Premier League / First Division all time table - Statistics

General Stats
  • This quiz has been taken 139 times
  • The average score is 46 of 65
Answer Stats
Position Answer Points % Correct
4 Manchester United 6,556
100%
6 Manchester City 5,489
99%
2 Arsenal 6,901
98%
8 Chelsea 5,241
97%
1 Liverpool 7,096
97%
7 Tottenham Hotspur 5,242
97%
5 Aston Villa 6,030
96%
3 Everton 6,793
94%
9 Newcastle United 4,989
94%
22 Nottingham Forest 2,949
88%
24 Leicester City 2,753
87%
27 Southampton 2,259
87%
17 West Ham United 3,293
86%
20 Burnley 3,124
85%
39 Crystal Palace 971
85%
19 Leeds United 3,158
85%
18 Sheffield United 3,250
85%
14 Wolverhampton Wanderers 3,587
85%
12 Blackburn Rovers 3,702
84%
36 Fulham 1,206
84%
49 Brighton & Hove Albion 398
83%
15 Sheffield Wednesday 3,552
83%
10 Sunderland 4,560
83%
48 Swansea City 422
82%
40 Cardiff City 890
81%
23 Stoke City 2,917
81%
25 Birmingham City 2,755
80%
35 Norwich City 1,256
80%
51 Brentford 320
78%
16 Derby County 3,303
77%
37 Queens Park Rangers 1,146
77%
11 West Bromwich Albion 4,091
76%
52 Bournemouth 211
75%
29 Portsmouth 1,765
75%
53 Hull City 171
74%
31 Blackpool 1,527
73%
32 Ipswich Town 1,471
72%
21 Middlesbrough 3,065
72%
43 Watford 622
71%
13 Bolton Wanderers 3,692
70%
28 Huddersfield Town 1,810
70%
41 Luton Town 807
69%
30 Coventry City 1,686
68%
50 Wigan Athletic 331
66%
56 Reading 119
65%
26 Preston North End 2,403
64%
42 Wimbledon 729
64%
47 Bristol City 436
63%
58 Millwall 79
59%
46 Bradford City 582
56%
57 Oxford United 119
56%
62 Barnsley 35
55%
33 Charlton Athletic 1,318
55%
44 Oldham Athletic 606
53%
63 Swindon Town 30
50%
34 Notts County 1,276
46%
38 Bury 1,017
41%
59 Northampton Town 43
40%
60 Carlisle United 41
39%
45 Grimsby Town 598
33%
64 Leyton Orient 27
33%
55 Accrington 138
30%
65 Glossop North End 22
11%
61 Darwen 41
10%
54 Bradford Park Avenue 147
7%
No matching quizzes found
Score Distribution
Percent of People with Each Score
Percentile by Number Answered
Your Score History
You have not taken this quiz